Anno di fondazione delle squadre italiane - Quiz n°4 - Statistics

Statistiche generali
  • Questo quiz è stato fatto 11 volte
  • Il punteggio medio è 4 su 15
Statistiche sulle risposte
Hint Risposta % Corretto
Salernitana 1919
64%
Triestina 1919
55%
Campobasso 1919
36%
Cagliari 1920
36%
Sassuolo 1920
36%
Empoli 1920
36%
Cosenza 1914
18%
Livorno 1915
18%
Piacenza 1919
18%
Reggiana 1919
18%
Foggia 1920
18%
Pordenone 1920
18%
Potenza 1920
18%
Virtus Entella 1914
9%
Reggina 1914
9%
Nessun quiz corrispondente trovato
Distribuzione punteggi
Percentuale di utenti per punteggio
Percentile per numero di risposta
I tuoi punteggi nel tempo
Non hai fatto questo quiz